000 00960nam a2200265Ia 4500
003 OSt
005 20220930093151.0
006 a|||||r|||| 00| 0
007 ta
008 220926b |||||||| |||| 00| 0 eng d
024 _a28878
037 _cTheses
040 _aCRL
_cCRL
_beng
041 _2eng
_aeng
100 _aGandhi Jaya Au.
_9550958
110 _aUniversity of Delhi. Faculty of Inter-Displinary and Applied Sciences. Department of Microbiology
_9528136
245 0 _aMechanism of epstein-barr virus and kaposi's sarcoma-associated herpesvirus lytic regulation by modulator of inflammation cyclo-oxygenase-2
260 _c2015
300 _ax,112p.
_ap.
_ccm.
650 _aMICROBIOLOGY
700 _a Kaul Rajeev Gu.
_9550959
700 _aUniversity of Delhi. Faculty of Inter-Displinary and Applied Sciences. Department of Microbiology
_9528138
942 _cDIS
_2CC
999 _c884915
_d884915